000
00229nam a2200085Ia 4500
008
120527s9999 xx 000 0 und d
100
_a
Murherjee, karai
245
_a
Introduction mathematics for the clinical laboratory
942
_c
BK
999
_c
27866
_d
27866